<?xml version="1.0" encoding="UTF-8"?>
<record
    xmlns:xsi="http://www.w3.org/2001/XMLSchema-instance"
    xsi:schemaLocation="http://www.loc.gov/MARC21/slim http://www.loc.gov/standards/marcxml/schema/MARC21slim.xsd"
    xmlns="http://www.loc.gov/MARC21/slim">

  <leader>03165nam a22002537a 4500</leader>
  <controlfield tag="005">20240305165608.0</controlfield>
  <controlfield tag="007">cr||||   |||| </controlfield>
  <controlfield tag="008">210618s2018    co |||||s|||| 00||0 spa d</controlfield>
  <datafield tag="020" ind1=" " ind2=" ">
    <subfield code="a">978-958-762-864-7</subfield>
  </datafield>
  <datafield tag="035" ind1=" " ind2=" ">
    <subfield code="a">33432</subfield>
  </datafield>
  <datafield tag="040" ind1=" " ind2=" ">
    <subfield code="a">vLex</subfield>
  </datafield>
  <datafield tag="090" ind1=" " ind2=" ">
    <subfield code="c">11816</subfield>
    <subfield code="d">11816</subfield>
  </datafield>
  <datafield tag="100" ind1="1" ind2=" ">
    <subfield code="a">Vel&#xE1;squez Cort&#xE9;s, Ren&#xE9;</subfield>
  </datafield>
  <datafield tag="245" ind1="1" ind2="0">
    <subfield code="a">Tienes que ser rico</subfield>
    <subfield code="h">[Recurso electr&#xF3;nico] :</subfield>
    <subfield code="b">El mundo cambi&#xF3;. 7 nuevos secretos que les ha permitido a los ricos obtener grandes riquezas y que los pobres desconocen /</subfield>
    <subfield code="c">Ren&#xE9; Vel&#xE1;squez Cort&#xE9;s</subfield>
  </datafield>
  <datafield tag="256" ind1=" " ind2=" ">
    <subfield code="a">Servicio en l&#xED;nea</subfield>
  </datafield>
  <datafield tag="260" ind1=" " ind2=" ">
    <subfield code="a">Bogot&#xE1;:</subfield>
    <subfield code="b">Ediciones de la U,</subfield>
    <subfield code="c">2018</subfield>
  </datafield>
  <datafield tag="300" ind1=" " ind2=" ">
    <subfield code="a">1 recurso electr&#xF3;nico</subfield>
  </datafield>
  <datafield tag="500" ind1=" " ind2=" ">
    <subfield code="a">Porqu&#xE9; tienes que ser rico: El mundo ha cambiado, es inevitable la extinci&#xF3;n de la clase media, los ricos cada vez son m&#xE1;s ricos y los pobres cada vez m&#xE1;s pobres, cada vez es m&#xE1;s grande la diferencia entre unos y otros, las personas de clase media est&#xE1;n pasando a una de las dos categor&#xED;as, el cambio de la revoluci&#xF3;n industrial a la era de la informaci&#xF3;n y la tecnolog&#xED;a ha ocasionado que las industrias encuentren otras fuentes que les permiten no solo ser conocidas a nivel mundial con mayor rapidez, sino adem&#xE1;s obtener en otros pa&#xED;ses mayor oferta de mano de obra calificada y a menor precio, como es el caso de China donde la mano de obra calificada es muy econ&#xF3;mica en comparaci&#xF3;n con la de pa&#xED;ses como Estados Unidos. La anterior ilustraci&#xF3;n es una de las razones por las que pa&#xED;ses orientales como China son m&#xE1;s productores que cualquier otro pa&#xED;s, de hecho Estados Unidos est&#xE1; pasando de ser el mayor productor en el mundo a ser el mayor consumidor, en igualdad de condiciones est&#xE1;n otros pa&#xED;ses a nivel mundial, lo que permite evidenciar que el empleo est&#xE1; en decadencia y a su vez la clase media. Como puedes ver la clase media se est&#xE1; extinguiendo, la distancia entre ricos y pobres cada vez es mayor y no podemos ser ajenos a esa realidad, esta es una de las razones por la que decid&#xED; escribir este libro, porque con la desaparici&#xF3;n de clase media ya no habr&#xE1; t&#xE9;rmino medio o eres RICO o eres POBRE, por eso TIENES QUE SER RICO, porque si piensas de otra manera estar&#xED;as sobreviviendo e incursionando en la categor&#xED;a de los m&#xE1;s necesitados &#x93;pobres&#x94;. En esta obra te voy a compartir los 7 nuevos secretos que les ha permitido a los ricos obtener grandes riquezas y que los pobres desconocen, estos nuevos secretos son producto de un estudio minucioso del comportamiento, h&#xE1;bitos, actitudes y experiencias de las personas que han logrado el &#xE9;xito financiero</subfield>
  </datafield>
  <datafield tag="506" ind1="1" ind2=" ">
    <subfield code="a">Disponible solo en los productos indicados</subfield>
    <subfield code="d">vLex Global</subfield>
    <subfield code="d">vLex Global (Academic Edition, excluding Law Schools)</subfield>
    <subfield code="d">vLex Global (U.S. Academic Edition, Law Schools)</subfield>
    <subfield code="d">vLex Global (U.S. Academic Edition, excluding Law Schools)</subfield>
    <subfield code="d">vLex Global (Academic Edition, Law Schools)</subfield>
  </datafield>
  <datafield tag="650" ind1="0" ind2="4">
    <subfield code="a">Administraci&#xF3;n (Management)</subfield>
    <subfield code="z">Colombia</subfield>
  </datafield>
  <datafield tag="740" ind1="0" ind2=" ">
    <subfield code="a">vLex Libros (Servicio en l&#xED;nea)</subfield>
  </datafield>
  <datafield tag="856" ind1="4" ind2="0">
    <subfield code="u">https://vlex.com/source/tienes-que-ser-rico-el-mundo-cambio-7-nuevos-secretos-que-les-ha-permitido-a-los-ricos-obtener-grandes-riquezas-y-que-los-pobres-desconocen-33432</subfield>
  </datafield>
  <datafield tag="942" ind1=" " ind2=" ">
    <subfield code="c">RAA</subfield>
  </datafield>
  <datafield tag="952" ind1=" " ind2=" ">
    <subfield code="0">0</subfield>
    <subfield code="1">0</subfield>
    <subfield code="4">0</subfield>
    <subfield code="7">0</subfield>
    <subfield code="8">VLEX</subfield>
    <subfield code="9">328005</subfield>
    <subfield code="a">BD-UIN</subfield>
    <subfield code="b">BD-UIN</subfield>
    <subfield code="d">2024-03-05</subfield>
    <subfield code="l">0</subfield>
    <subfield code="p">33432</subfield>
    <subfield code="r">2024-03-05</subfield>
    <subfield code="w">2024-03-05</subfield>
    <subfield code="y">RAA</subfield>
  </datafield>
  <datafield tag="999" ind1=" " ind2=" ">
    <subfield code="c">170052</subfield>
    <subfield code="d">170052</subfield>
  </datafield>
</record>
